000 00471cam a2200181ua 4500
020 _c125.00
041 _aeng
_h
082 _a630.1076
_bGAR/QU
100 _aGarg, M K .
245 _aQuestion bank on agricultural and food engineering /
_cM K Garg.
_hTextual Documents
260 _aNewdelhi :
_bRelience publishers ,
_c2000.
300 _a236 ; .
365 _a125.00
504 _a
700 1 _aChandra, Pitam .
942 _cBK
999 _c2447
_d2447